Highest producing Countries by crop - Statistics

General Stats
  • This quiz has been taken 90 times
  • The average score is 6 of 20
Answer Stats
Hint Answer % Correct
Apples China
76%
Avocados Mexico
62%
Olives Spain
53%
Soybeans United States
47%
Barley Russia
45%
Oranges Brazil
41%
Bananas India
41%
Coconuts Indonesia
36%
Cocoa Beans Côte d'Ivoire
28%
Pistachios Iran
23%
Vanilla Madagascar
20%
Quinoa Bolivia
19%
Kiwi Fruits Italy
18%
Hazelnuts Turkey
18%
Pineapples Thailand
15%
Sunflower Seeds Ukraine
15%
Artichokes Egypt
11%
Peppermint Morocco
5%
Poppy Seeds Czech Republic
4%
Sesame Seeds Myanmar
4%
No matching quizzes found
Score Distribution
Percent of People with Each Score
Percentile by Number Answered
Your Score History
You have not taken this quiz